000
00258nam a2200097Ia 4500
001
815889
005
20250826171705.0
008
250824s9999 xx 000 0 und d
245
0
_a
KRALİÇE VE ÖNEMSİZ ÇOCUK
_c
BARBARA ELSE
260
_b
KIRMIZI KEDİ YAYINLARI
999
_c
815889
_d
815889